[Event "24th ch-EUR Indiv w 2024"]
[Site "Rhodes GRE"]
[Date "2024.04.21"]
[Round "3.31"]
[White "Piddubna, Bozhena"]
[Black "Heinemann, Josefine"]
[Result "1-0"]
[WhiteTitle "WCM"]
[BlackTitle "WGM"]
[WhiteElo "2005"]
[BlackElo "2303"]
[WhiteFideId "34109293"]
[BlackFideId "12900460"]
[EventDate "2024.04.19"]

1. d4 Nf6 2. c4 e6 3. Nc3 Bb4 4. Qc2 d5 5. a3 Bxc3+ 6. Qxc3 O-O 7. Nf3 dxc4 8.
Qxc4 b6 9. Bg5 Bb7 10. Ne5 Nbd7 11. Rd1 h6 12. Nxd7 Qxd7 13. Bxf6 gxf6 14. h4
Rad8 15. Rh3 c5 16. Qc1 Kh7 17. Qf4 f5 18. Rhd3 Qb5 19. R3d2 c4 20. e3 Rd7 21.
d5 Bxd5 22. Bxc4 Qa5 23. b4 Qxa3 24. Bxd5 Rxd5 25. Rxd5 exd5 26. Qxf5+ Kh8 27.
Qf6+ Kh7 28. Qf5+ Kh8 29. Rd4 Qc3+ 30. Ke2 Qc6 31. Kf3 a5 32. bxa5 bxa5 33. Qe5+
Kh7 34. Qe7 Qe8 35. Qd6 Qd8 36. Qf4 Kg7 37. Qf5 Qd6 38. Rxd5 Qc6 39. Qg4+ Kh8
40. Qd4+ Kg8 41. Kg3 Kh7 42. Qe4+ Kh8 43. Qe5+ Kh7 44. Kh2 Qe6 45. Rxa5 Qxe5+
46. Rxe5 Ra8 47. h5 Ra2 48. Rf5 Kg7 49. g4 Ra4 50. Kg3 Rb4 51. f4 Ra4 52. Rb5
Ra3 53. Kf3 Ra4 54. g5 hxg5 55. Rxg5+ Kh7 56. Rf5 Ra7 57. Kg4 Re7 58. Re5 Ra7
59. e4 Kg7 60. Kf5 Ra1 61. h6+ Kf8 62. Rb5 Rh1 63. Rb6 Rh5+ 64. Kg4 Rh1 65. f5
Rh2 66. Kf4 Rh1 67. Ke5 Rh5 68. Kd5 Ke7 69. e5 Rxf5 70. Rb7+ Kf8 71. Rb8+ 1-0

[Event "24th ch-EUR Indiv w 2024"]
[Site "Rhodes GRE"]
[Date "2024.04.21"]
[Round "3.32"]
[White "Zherebtsova, Alexandra"]
[Black "Gaboyan, Susanna"]
[Result "1-0"]
[WhiteTitle "WFM"]
[BlackTitle "WIM"]
[WhiteElo "2302"]
[BlackElo "2192"]
[WhiteFideId "24129518"]
[BlackFideId "13303627"]
[EventDate "2024.04.19"]

1. d4 Nf6 2. c4 g6 3. Nc3 d5 4. cxd5 Nxd5 5. e4 Nxc3 6. bxc3 Bg7 7. Bc4 c5 8.
Ne2 Nc6 9. d5 Na5 10. Bd3 O-O 11. Bg5 c4 12. Bc2 b5 13. Rb1 Bd7 14. Qd2 Re8 15.
O-O Nb7 16. Nd4 a6 17. Rfe1 Qc7 18. Bf4 Qc5 19. a4 Qa3 20. e5 e6 21. dxe6 Bxe6
22. Be4 Rab8 23. axb5 axb5 24. Rxb5 Nc5 25. Bc6 Red8 26. Bg5 Rxb5 27. Bxb5 Nb3
28. Nc2 Rxd2 29. Nxa3 Rd3 30. Bxc4 Bxc4 31. Nxc4 Rxc3 32. Nd6 Nc5 33. Ne4 Nxe4
34. Rxe4 f6 35. exf6 Bxf6 36. Be3 Rc7 37. g4 Re7 38. Ra4 Rd7 39. Kg2 Kg7 40. Kg3
Be5+ 41. f4 Bf6 42. Kf3 Rc7 43. g5 Bc3 44. Ra6 Kf7 45. h4 Bg7 46. h5 Bc3 47. Ra8
Rb7 48. Ke4 Bb2 49. Bc5 Rd7 50. Rf8+ Ke6 51. Rb8 Bc3 52. Rb6+ Kf7 53. Bd6 Ra7
54. Kd5 Ra5+ 55. Bc5 Ra8 56. Rb7+ Kg8 57. h6 Rc8 58. Bd6 Bh8 59. Ra7 Re8 60. Kc6
Bd4 61. Ra4 Bc3 62. Kd5 Bh8 63. Ra7 Rd8 64. Rb7 Re8 65. Kc6 Rd8 66. Be7 Re8 67.
Kd7 Kf7 68. Kd6 Kg8 69. Kd7 Kf7 70. Bd6 Bd4 71. Kc6+ Kg8 72. Rb5 Bh8 73. Be5 Rf8
74. Kd7 Rf7+ 75. Ke6 Rf8 76. Ra5 Re8+ 77. Kd7 Rf8 78. Bd6 1-0

[Event "24th ch-EUR Indiv w 2024"]
[Site "Rhodes GRE"]
[Date "2024.04.21"]
[Round "3.33"]
[White "Buksa, Nataliya"]
[Black "Janiashvili, Mariami"]
[Result "1-0"]
[WhiteTitle "IM"]
[BlackTitle "WFM"]
[WhiteElo "2394"]
[BlackElo "1964"]
[WhiteFideId "14123622"]
[BlackFideId "13612077"]
[EventDate "2024.04.19"]

1. e4 e6 2. d4 d5 3. Nd2 dxe4 4. Nxe4 Nd7 5. Nf3 Ngf6 6. Nxf6+ Nxf6 7. Bd3 c5 8.
c3 cxd4 9. Nxd4 Be7 10. O-O O-O 11. Re1 e5 12. Rxe5 Bd6 13. Re1 Ng4 14. Nf3 Qb6
15. Qc2 Bc5 16. Nd4 Bxd4 17. cxd4 Qxd4 18. Bxh7+ Kh8 19. h3 Nxf2 20. Be3 Qh4 21.
Bf5 Bxf5 22. Qxf5 Ne4 23. Bxa7 Rfe8 24. Qxf7 Re7 25. Bf2 Nxf2 26. Rxe7 Nxh3+ 27.
Kf1 1-0

[Event "24th ch-EUR Indiv w 2024"]
[Site "Rhodes GRE"]
[Date "2024.04.21"]
[Round "3.34"]
[White "Polterauer, Chiara"]
[Black "Batsiashvili, Nino"]
[Result "0-1"]
[WhiteTitle "WFM"]
[BlackTitle "GM"]
[WhiteElo "2141"]
[BlackElo "2445"]
[WhiteFideId "1638165"]
[BlackFideId "13602993"]
[EventDate "2024.04.19"]

1. e4 c6 2. d4 d5 3. e5 Bf5 4. h4 h5 5. Bg5 Qb6 6. Bd3 Qxd4 7. Nf3 Qg4 8. Bxf5
Qxf5 9. O-O e6 10. c4 Nd7 11. cxd5 exd5 12. Re1 Nc5 13. Nc3 Be7 14. Be3 Nh6 15.
Nd4 Qg6 16. Qf3 Ne6 17. Rad1 Nxd4 18. Rxd4 Ng4 19. Ra4 Nxe5 20. Qe2 O-O 21. Bxa7
Bd6 22. Bd4 Rae8 23. Bxe5 Rxe5 24. Qd1 Qe6 25. Rxe5 Qxe5 26. g3 Re8 27. Qd3 Qe7
28. Kg2 b5 29. Rd4 Be5 30. Nxb5 cxb5 31. Rxd5 b4 32. Qf3 Bxb2 33. Rb5 Qe4 0-1

[Event "24th ch-EUR Indiv w 2024"]
[Site "Rhodes GRE"]
[Date "2024.04.21"]
[Round "3.35"]
[White "Maltsevskaya, Aleksandra"]
[Black "Alexieva, Silvia"]
[Result "1-0"]
[WhiteTitle "IM"]
[BlackTitle "IM"]
[WhiteElo "2393"]
[BlackElo "2144"]
[WhiteFideId "24174041"]
[BlackFideId "2902265"]
[EventDate "2024.04.19"]

1. c4 e5 2. Nc3 Bb4 3. Qb3 a5 4. a3 Be7 5. Nf3 d6 6. d4 Nd7 7. g3 exd4 8. Nxd4
Nc5 9. Qc2 a4 10. Bg2 Bf6 11. Be3 Ne7 12. Rd1 Ra5 13. Ndb5 Bf5 14. Ne4 Nxe4 15.
Bxe4 Bxe4 16. Qxe4 Qc8 17. g4 h6 18. h4 Bxb2 19. Rb1 f5 20. gxf5 Bf6 21. Bd4 Kf7
22. Bxf6 gxf6 23. Rg1 h5 24. Rg4 1-0

[Event "24th ch-EUR Indiv w 2024"]
[Site "Rhodes GRE"]
[Date "2024.04.21"]
[Round "3.36"]
[White "Hoang, Thanh Trang"]
[Black "Koridze, Lile"]
[Result "1-0"]
[WhiteTitle "GM"]
[BlackTitle "WFM"]
[WhiteElo "2382"]
[BlackElo "2121"]
[WhiteFideId "12400149"]
[BlackFideId "13612514"]
[EventDate "2024.04.19"]

1. d4 Nf6 2. Nf3 e6 3. e3 b6 4. Bd3 Bb7 5. O-O Be7 6. c4 O-O 7. Nc3 d5 8. cxd5
exd5 9. b3 c5 10. Bb2 Nbd7 11. Rc1 Rc8 12. dxc5 Bxc5 13. Qe2 Qe7 14. Nb5 Ne4 15.
a3 a5 16. Nfd4 f6 17. Nf5 Qd8 18. Qg4 g6 19. Bxe4 dxe4 20. Rfd1 Kh8 21. Nh6 Qe8
22. Rxd7 Bc6 23. Rf7 Rxf7 24. Nxf7+ Kg7 25. Nbd6 1-0

[Event "24th ch-EUR Indiv w 2024"]
[Site "Rhodes GRE"]
[Date "2024.04.21"]
[Round "3.37"]
[White "Roebers, Eline"]
[Black "Walter, Ema"]
[Result "0-1"]
[WhiteTitle "IM"]
[BlackTitle "WFM"]
[WhiteElo "2367"]
[BlackElo "2120"]
[WhiteFideId "1058401"]
[BlackFideId "14960710"]
[EventDate "2024.04.19"]

1. e4 e5 2. Nf3 Nc6 3. Bb5 Nge7 4. Nc3 Ng6 5. d4 exd4 6. Nxd4 Nxd4 7. Qxd4 c6 8.
Be2 Qb6 9. Qd3 Be7 10. O-O O-O 11. a4 d6 12. a5 Qc7 13. f4 Bd7 14. Be3 Rfe8 15.
Qc4 Qc8 16. Rad1 b5 17. axb6 axb6 18. Bxb6 Rb8 19. Be3 Rxb2 20. Na4 d5 21. Qc3
Rb4 22. Nb6 Qb7 23. Nxd7 Rxe4 24. Ne5 Bf6 25. Qa3 Nxe5 26. fxe5 Bxe5 27. Rb1 Qc7
28. Bb6 Bxh2+ 29. Kh1 Qe5 30. Qa7 f6 31. Bc7 Qxc7 32. Rb7 Qg3 33. Rf3 Qg5 34.
Kxh2 Rxe2 35. Rxg7+ Qxg7 36. Rg3 Qxg3+ 37. Kxg3 Rxc2 38. Qd7 Re5 39. Kf3 Rc3+
40. Kf4 Rc4+ 41. Kf3 c5 42. Qc8+ Kg7 43. Qd7+ Kg6 44. Qc8 Rc3+ 45. Kf2 Rc2+ 46.
Kf3 Rf5+ 47. Ke3 d4+ 48. Kd3 Rc3+ 49. Kd2 h5 50. Qg8+ Kh6 51. g4 hxg4 52. Qxg4
Rg5 53. Qf4 Kg7 54. Qc7+ Kg6 55. Qc8 Re3 56. Qg8+ Kf5 57. Qd5+ Kg4 58. Qc6 Rf3
59. Qe4+ Kg3 60. Qe1+ Kg2 61. Qe4 c4 62. Kc2 Rg3 63. Qxd4 f5 64. Kb2 f4 65. Qd5
Kh1 66. Qh5+ Kg1 67. Qc5+ Rf2+ 68. Kc1 c3 69. Qd4 Rg2 70. Qc5 f3 71. Kd1 Kh1 72.
Qh5+ Rh2 73. Qb5 Rd2+ 74. Kc1 Rc2+ 75. Kb1 Rb2+ 76. Ka1 Ra2+ 0-1

[Event "24th ch-EUR Indiv w 2024"]
[Site "Rhodes GRE"]
[Date "2024.04.21"]
[Round "3.38"]
[White "Hajiyeva, Laman"]
[Black "Mkrtchian, Lilit"]
[Result "0-1"]
[WhiteTitle "WFM"]
[BlackTitle "IM"]
[WhiteElo "2114"]
[BlackElo "2366"]
[WhiteFideId "13415875"]
[BlackFideId "13300601"]
[EventDate "2024.04.19"]

1. e4 c6 2. d4 d5 3. exd5 cxd5 4. Bd3 Nc6 5. c3 e6 6. Nf3 Bd6 7. O-O Nge7 8. Re1
O-O 9. Ne5 f6 10. Qh5 Nf5 11. Ng4 Nce7 12. Na3 a6 13. Nc2 Qc7 14. Nce3 g6 15.
Qh3 h5 16. Nxf5 exf5 17. Nh6+ Kg7 18. Qh4 f4 19. Bxf4 Bxf4 20. Rxe7+ Qxe7 21.
Qxf4 Rh8 0-1

[Event "24th ch-EUR Indiv w 2024"]
[Site "Rhodes GRE"]
[Date "2024.04.21"]
[Round "3.39"]
[White "Matnadze Bujiashvili, Ann"]
[Black "Abrisqueta Zudaire, Leyre"]
[Result "1-0"]
[WhiteTitle "IM"]
[BlackTitle "WFM"]
[WhiteElo "2365"]
[BlackElo "2115"]
[WhiteFideId "13601377"]
[BlackFideId "32092253"]
[EventDate "2024.04.19"]

1. d4 d5 2. c4 e6 3. Nf3 Nf6 4. g3 Nc6 5. Bg2 Bd6 6. Nbd2 a5 7. O-O O-O 8. a3
Ne4 9. Nxe4 dxe4 10. Ng5 f5 11. d5 Ne5 12. Nxe6 Bxe6 13. dxe6 Qe7 14. Qc2 Bc5
15. Bf4 Qxe6 16. Rad1 Nc6 17. Rd5 Bd6 18. Bxd6 cxd6 19. Rfd1 Rad8 20. Qd2 Ne5
21. c5 Rc8 22. cxd6 Nc4 23. Qd4 Rfd8 24. g4 fxg4 25. Bxe4 Nxd6 26. Bf5 1-0

[Event "24th ch-EUR Indiv w 2024"]
[Site "Rhodes GRE"]
[Date "2024.04.21"]
[Round "3.40"]
[White "Gaal, Zsoka"]
[Black "Isgenderova, Hayale"]
[Result "1-0"]
[WhiteTitle "WIM"]
[BlackTitle "WIM"]
[WhiteElo "2356"]
[BlackElo "2102"]
[WhiteFideId "777765"]
[BlackFideId "13401823"]
[EventDate "2024.04.19"]

1. Nf3 d5 2. g3 Bg4 3. Bg2 Nd7 4. h3 Bh5 5. d4 e6 6. O-O Ngf6 7. c4 c6 8. cxd5
exd5 9. Ne5 Bg6 10. Nc3 Bd6 11. f4 Bxe5 12. dxe5 Ne4 13. f5 Nxg3 14. fxg6 Nxf1
15. gxf7+ Kxf7 16. Qxf1+ Ke6 17. e4 Qb6+ 18. Kh1 Raf8 19. exd5+ cxd5 20. Bxd5+
Kxe5 21. Qe2+ Kd6 22. Be3 Qb4 23. Rd1 Kc7 24. Nb5+ 1-0

[Event "24th ch-EUR Indiv w 2024"]
[Site "Rhodes GRE"]
[Date "2024.04.21"]
[Round "3.41"]
[White "Radeva, Viktoria"]
[Black "Kochavi, Dana"]
[Result "1/2-1/2"]
[WhiteTitle "WGM"]
[BlackTitle "WFM"]
[WhiteElo "2315"]
[BlackElo "2084"]
[WhiteFideId "2915405"]
[BlackFideId "2837137"]
[EventDate "2024.04.19"]

1. e4 e5 2. Nf3 Nc6 3. Bc4 Bc5 4. d3 Nf6 5. O-O d6 6. c3 a6 7. a4 Ba7 8. Nbd2 h6
9. Re1 g5 10. Nf1 g4 11. N3d2 h5 12. Nb3 h4 13. Be3 Nh5 14. g3 Bxe3 15. Rxe3 Qg5
16. d4 Bd7 17. Qd3 Rb8 18. a5 Ke7 19. Rd1 Rbg8 20. Qd2 Nf4 21. gxf4 exf4 22. Rd3
g3 23. fxg3 hxg3 24. Nxg3 Qh4 25. Qf2 Rxg3+ 26. Rxg3 fxg3 27. Qxg3 Qh7 28. Rf1
Nd8 29. Qg5+ Ke8 30. Qf4 Rg8+ 31. Kh1 Rg4 32. Qf3 Rh4 33. Rf2 Bg4 34. Qe3 Rh3
35. Qf4 Rh4 36. Qe3 Rh3 37. Qf4 Rh4 38. Qe3 1/2-1/2

[Event "24th ch-EUR Indiv w 2024"]
[Site "Rhodes GRE"]
[Date "2024.04.21"]
[Round "3.42"]
[White "Zhukova, Natalia"]
[Black "Paasikangas, Johanna"]
[Result "1-0"]
[WhiteTitle "GM"]
[BlackTitle "FM"]
[WhiteElo "2301"]
[BlackElo "2080"]
[WhiteFideId "14101513"]
[BlackFideId "500879"]
[EventDate "2024.04.19"]

1. d4 Nf6 2. c4 g6 3. Nc3 Bg7 4. e4 d6 5. Be2 O-O 6. h4 c5 7. d5 e6 8. dxe6 fxe6
9. h5 Nc6 10. hxg6 hxg6 11. Bg5 Nd4 12. e5 dxe5 13. Qd3 Qe8 14. O-O-O Bd7 15.
Qh3 Bc6 16. Bd3 Rd8 17. Nf3 e4 18. Bxf6 Rxf6 19. Bxe4 Ne2+ 20. Nxe2 Rxd1+ 21.
Rxd1 Bxe4 22. Ng5 Bc6 23. Nc3 Rf5 24. Qh7+ Kf8 25. Rd8 Rxg5 26. Rxe8+ Bxe8 27.
Qh3 Rf5 28. f3 Bc6 29. Qg3 g5 30. Qb8+ Kf7 31. Nb5 Be5 32. Nd6+ Bxd6 33. Qxd6 a6
34. a3 g4 35. fxg4 Rf1+ 36. Kd2 Rf2+ 37. Ke3 Rxg2 38. Kf4 Rxb2 39. Kg5 Rg2 40.
Qxc5 Re2 41. Qd6 e5 42. Qd3 Re1 43. Qf5+ Ke7 44. c5 e4 45. Qf2 Rd1 46. Kg6 Rd3
47. Qf6+ Ke8 48. g5 Rxa3 49. Kg7 Rf3 50. Qe6+ Kd8 51. g6 Rf1 52. Qg8+ Be8 53.
Qd5+ Kc7 54. Qe5+ Kd8 55. Qb8+ 1-0

[Event "24th ch-EUR Indiv w 2024"]
[Site "Rhodes GRE"]
[Date "2024.04.21"]
[Round "3.43"]
[White "Orian, Noga"]
[Black "Kubicka, Anna"]
[Result "0-1"]
[WhiteTitle "WFM"]
[BlackTitle "WIM"]
[WhiteElo "2099"]
[BlackElo "2292"]
[WhiteFideId "2836475"]
[BlackFideId "1152254"]
[EventDate "2024.04.19"]

1. d4 d6 2. e4 Nf6 3. Nc3 e5 4. dxe5 dxe5 5. Qxd8+ Kxd8 6. Bc4 Ke8 7. f4 Nbd7 8.
Nf3 Bd6 9. g3 c6 10. Be3 b5 11. O-O-O Bc7 12. Bxb5 cxb5 13. Nxb5 Bb8 14. Nxe5
Nxe5 15. fxe5 Bxe5 16. Bd4 a6 17. Nc3 Bxd4 18. Rxd4 Be6 19. Rhd1 Ke7 20. b4 Rhd8
21. Nd5+ Bxd5 22. exd5 Rab8 23. Kb2 a5 24. a3 axb4 25. axb4 Rb5 26. d6+ Kd7 27.
Kb3 Rdb8 28. Re1 Rd5 29. Rf4 Rxd6 30. c4 Re8 31. Rxe8 Kxe8 32. c5 Rd2 33. c6 Nd5
34. Rf1 Rd4 35. Ka3 Rxb4 36. Re1+ Kd8 0-1

[Event "24th ch-EUR Indiv w 2024"]
[Site "Rhodes GRE"]
[Date "2024.04.21"]
[Round "3.44"]
[White "Abdinova, Narmin"]
[Black "Lach, Aleksandra"]
[Result "0-1"]
[BlackTitle "WIM"]
[WhiteElo "2087"]
[BlackElo "2292"]
[WhiteFideId "13425340"]
[BlackFideId "1134299"]
[EventDate "2024.04.19"]

1. d4 d5 2. c4 c6 3. Nf3 Nf6 4. g3 Bf5 5. Bg2 e6 6. Qb3 Qb6 7. Bf4 dxc4 8. Qxc4
Qxb2 9. O-O Be7 10. Nbd2 Qb4 11. Ne5 O-O 12. Rfc1 h6 13. e4 Bh7 14. Rab1 Qxc4
15. Rxc4 b6 16. Nxc6 Nxc6 17. Rxc6 Rfd8 18. Rc7 Bf8 19. Be3 Ne8 20. Rc6 Rac8 21.
Rbc1 Rxc6 22. Rxc6 Nd6 23. a4 g5 24. Rc7 Rc8 25. Rxa7 Rc1+ 26. Bf1 Ra1 27. f3
Ra3 28. Bf2 g4 29. e5 Nc8 30. Rc7 Ne7 31. Ne4 Nd5 32. Nf6+ Nxf6 33. exf6 gxf3
34. Rc4 Ra1 35. Rc3 Be4 36. Be3 Kh7 37. d5 exd5 38. Bxb6 Rxa4 39. Bd3 Kg6 40.
Kf2 h5 41. h3 Rb4 42. Ba7 Kxf6 43. g4 hxg4 44. hxg4 Rb2+ 45. Kf1 Kg5 46. Bxe4
dxe4 47. Rc8 Bd6 48. Rd8 Be5 49. Re8 f6 50. Be3+ Kxg4 51. Rg8+ Kf5 52. Rg7 Bc3 0-1

[Event "24th ch-EUR Indiv w 2024"]
[Site "Rhodes GRE"]
[Date "2024.04.21"]
[Round "3.45"]
[White "Terbe, Julianna"]
[Black "Kakulidis, Ellen"]
[Result "1-0"]
[WhiteTitle "WIM"]
[BlackTitle "WFM"]
[WhiteElo "2274"]
[BlackElo "2062"]
[WhiteFideId "708780"]
[BlackFideId "1444972"]
[EventDate "2024.04.19"]

1. Nf3 d5 2. g3 Nd7 3. d4 Nb6 4. Bg2 Bf5 5. O-O e6 6. Nbd2 Nf6 7. c4 dxc4 8.
Nxc4 Nxc4 9. Qa4+ c6 10. Qxc4 Be4 11. Rd1 Qd5 12. Qxd5 exd5 13. Bf4 Be7 14. Ne5
Bxg2 15. Kxg2 Nd7 16. Nd3 a5 17. a4 O-O 18. h4 h5 19. Rac1 Rfe8 20. f3 Bf6 21.
e3 g6 22. Kf2 Rac8 23. Rc2 Ra8 24. Rdc1 Kg7 25. Rc3 Rac8 26. Bg5 Bxg5 27. hxg5
f6 28. Rb3 b6 29. gxf6+ Kxf6 30. f4 Ke6 31. Ne5 Nxe5 32. dxe5 b5 33. axb5 cxb5
34. Rxc8 Rxc8 35. Rxb5 Rc2+ 36. Kf3 a4 37. Rb4 Rh2 38. Rxa4 Rxb2 39. Ra7 g5 40.
Ra6+ Kf7 41. fxg5 Rb3 42. Kf4 Rb1 43. g6+ Kg7 1-0

[Event "24th ch-EUR Indiv w 2024"]
[Site "Rhodes GRE"]
[Date "2024.04.21"]
[Round "3.46"]
[White "Stojkovska, Monika"]
[Black "Urh, Zala"]
[Result "0-1"]
[WhiteTitle "WFM"]
[BlackTitle "WIM"]
[WhiteElo "2057"]
[BlackElo "2263"]
[WhiteFideId "15002594"]
[BlackFideId "14611481"]
[EventDate "2024.04.19"]

1. e4 c5 2. Nf3 e6 3. d4 cxd4 4. Nxd4 Nf6 5. Nc3 Nc6 6. Ndb5 d6 7. Bf4 e5 8. Bg5
a6 9. Na3 b5 10. Nd5 Be7 11. Bxf6 Bxf6 12. c4 b4 13. Nc2 O-O 14. g3 a5 15. h4
Be6 16. Bh3 Rb8 17. b3 Bxd5 18. Qxd5 Qb6 19. Qd3 Rfd8 20. Kf1 g6 21. Kg2 Bg7 22.
h5 a4 23. Qe3 Na5 24. Rab1 Qc6 25. hxg6 hxg6 26. Kh2 Qb6 27. Rhd1 Qxe3 28. Nxe3
axb3 29. axb3 Kf8 30. Kg1 Nb7 31. f3 Nc5 32. Rb2 Bh6 33. Nc2 Rb6 34. Kf1 Ra8 35.
Ke2 Ke7 36. Bg4 Bg5 37. Rh1 Rbb8 38. Bh3 Rb7 39. Bg2 Rbb8 40. Bh3 Ra7 41. Bg2
Kf6 42. Bh3 Kg7 43. Rd1 Rb6 44. Ra1 Rxa1 45. Nxa1 Rb8 46. Nc2 Rh8 47. Bg2 Rh2
48. Kf1 Bd2 49. Rb1 Rh8 50. Ke2 Bc3 51. Ne3 Ra8 52. Nc2 Ra2 53. Kd1 f5 54. exf5
gxf5 55. Bf1 Kg6 56. Be2 Kg5 57. Bf1 f4 58. g4 e4 59. Be2 e3 60. Bf1 Ra8 61. Ke2
Rh8 62. Bg2 Rh2 63. Rg1 Nxb3 64. Ne1 Na5 65. Nd3 Nxc4 66. Nc1 Nd2 67. Kd3 Bb2
68. Ne2 b3 69. Nc3 Bxc3 70. Kxc3 d5 71. Kd4 0-1

[Event "24th ch-EUR Indiv w 2024"]
[Site "Rhodes GRE"]
[Date "2024.04.21"]
[Round "3.47"]
[White "Velikic, Adela"]
[Black "Jimenez Fernandez, Rebeca"]
[Result "1-0"]
[WhiteTitle "WIM"]
[BlackTitle "WFM"]
[WhiteElo "2258"]
[BlackElo "2055"]
[WhiteFideId "913553"]
[BlackFideId "32070934"]
[EventDate "2024.04.19"]

1. c4 e6 2. Nc3 d5 3. d4 a6 4. cxd5 exd5 5. Nf3 Nf6 6. Bg5 Be6 7. e3 Nbd7 8. Bd3
h6 9. Bh4 g5 10. Bg3 Nh5 11. Be5 Nhf6 12. h3 Nxe5 13. Nxe5 c6 14. Qe2 Bd6 15. f4
Ne4 16. Bxe4 dxe4 17. O-O gxf4 18. Rxf4 Qa5 19. Rxe4 O-O-O 20. Nc4 Bxc4 21. Qxc4
Qg5 22. Rf1 Rhg8 23. Rf2 Qg3 24. Kf1 Qh2 25. Rg4 Rxg4 26. hxg4 Bg3 27. Rxf7 Qh1+
28. Ke2 Re8 29. Kf3 Bh4 30. Qe2 h5 31. e4 hxg4+ 32. Ke3 Bg5+ 33. Kd3 Qh4 34. Qf2
g3 35. Qf5+ Kb8 36. Rh7 Qf4 37. Qxf4+ Bxf4 38. Ne2 Bd6 39. Rh6 Kc7 40. e5 Bf8
41. Rh7+ Kb6 42. Rh8 Rd8 43. Ke4 c5 44. d5 c4 45. Nxg3 Kc5 46. d6 b5 47. Nf5 b4
48. Nd4 1-0

[Event "24th ch-EUR Indiv w 2024"]
[Site "Rhodes GRE"]
[Date "2024.04.21"]
[Round "3.48"]
[White "Deak-Sala, Emilia"]
[Black "Sandu, Mihaela"]
[Result "1-0"]
[BlackTitle "WGM"]
[WhiteElo "2053"]
[BlackElo "2253"]
[WhiteFideId "795615"]
[BlackFideId "1204327"]
[EventDate "2024.04.19"]

1. e4 e5 2. Nf3 Nc6 3. Bc4 Nf6 4. d4 exd4 5. e5 d5 6. Bb5 Ne4 7. Nxd4 Bd7 8.
Bxc6 bxc6 9. O-O Bc5 10. f3 Ng5 11. f4 Ne4 12. Be3 Qe7 13. Nd2 Nxd2 14. Qxd2 Bb6
15. a4 c5 16. Nf3 d4 17. Bf2 a5 18. Bh4 Qe6 19. f5 Qd5 20. Qg5 Kf8 21. Qe7+ Kg8
22. c4 Qc6 23. e6 Bxe6 24. fxe6 Qxe6 25. Qxe6 fxe6 26. Ne5 h5 27. Rf3 Kh7 28.
Raf1 Rhg8 29. Bg5 c6 30. Rf7 Bd8 31. Bxd8 Raxd8 32. Nd7 Kg6 33. Nf8+ Kh6 34.
Nxe6 Rb8 35. h4 Rxb2 36. Nf8 Rxf8 37. Rxf8 Rc2 38. Rc8 Rxc4 39. Rxc6+ Kh7 40.
Rf5 d3 41. Rxh5+ Kg8 42. Rd5 Rc1+ 43. Kf2 c4 44. Rd4 Rc2+ 45. Ke1 Rc1+ 46. Kd2
Rc2+ 47. Kd1 1-0

[Event "24th ch-EUR Indiv w 2024"]
[Site "Rhodes GRE"]
[Date "2024.04.21"]
[Round "3.49"]
[White "Hryzlova, Sofiia"]
[Black "Zvereva, Marija"]
[Result "1-0"]
[WhiteTitle "WIM"]
[BlackTitle "WIM"]
[WhiteElo "2251"]
[BlackElo "2049"]
[WhiteFideId "14174669"]
[BlackFideId "4121082"]
[EventDate "2024.04.19"]

1. d4 Nf6 2. c4 e6 3. Nf3 c5 4. d5 exd5 5. cxd5 d6 6. Nc3 g6 7. Bf4 Bg7 8. h3
O-O 9. e3 Ne8 10. Be2 Nd7 11. Nd2 Ne5 12. Bg3 f5 13. O-O a6 14. a4 b6 15. Qc2
Rb8 16. Rab1 Bb7 17. f4 Nf7 18. Bc4 Nc7 19. Qd3 Qd7 20. e4 Bc8 21. b4 b5 22.
axb5 axb5 23. Nxb5 cxb4 24. Rxb4 Na6 25. Rbb1 Nc5 26. Qe3 fxe4 27. Nd4 Rxb1 28.
Rxb1 Nh6 29. Bf2 Nf5 30. Nxf5 gxf5 31. Qa3 Qc7 32. Rc1 Kh8 33. Ba2 Qd7 34. Nc4
Nd3 35. Rd1 Nxf2 36. Kxf2 Rd8 37. Ne3 Qe7 38. g3 Qf6 39. Bc4 Bd7 40. Be2 Rc8 41.
Qa7 Be8 42. Qb7 Rd8 43. Rc1 Bg6 44. Rc7 Qb2 45. Qxb2 Bxb2 46. Nc2 Rb8 47. Rc6
Be8 48. Rxd6 Ba4 49. Bd1 Rc8 50. Ne3 Bxd1 51. Nxd1 Bd4+ 52. Ke1 Rc2 53. Rc6 Rg2
54. d6 Rxg3 55. d7 Rg8 56. Rd6 1-0

[Event "24th ch-EUR Indiv w 2024"]
[Site "Rhodes GRE"]
[Date "2024.04.21"]
[Round "3.50"]
[White "Pirvulescu, Ekaterina"]
[Black "Manko, Mariia"]
[Result "1-0"]
[WhiteTitle "WFM"]
[BlackTitle "WFM"]
[WhiteElo "2044"]
[BlackElo "2251"]
[WhiteFideId "13506374"]
[BlackFideId "14199220"]
[EventDate "2024.04.19"]

1. e4 c5 2. Nf3 Nc6 3. d4 cxd4 4. Nxd4 Nf6 5. Nc3 e5 6. Ndb5 d6 7. Bg5 a6 8. Na3
b5 9. Bxf6 gxf6 10. Nd5 f5 11. c3 Bg7 12. exf5 Bxf5 13. Nc2 O-O 14. Nce3 Be6 15.
Bd3 f5 16. O-O Rb8 17. Qh5 Qd7 18. Rad1 Qf7 19. Qxf7+ Rxf7 20. f4 e4 21. Bc2 h5
22. g3 b4 23. Ba4 Nd8 24. Be8 Rfb7 25. Bxh5 bxc3 26. bxc3 Kh7 27. Rd2 Rc8 28.
Rc2 Rc5 29. Rd1 Rbb5 30. c4 Rb7 31. Be8 Nc6 32. Bxc6 Rxc6 33. h3 Rc8 34. g4 Bd7
35. Rcd2 Rf8 36. Kg2 Bh6 37. Kg3 Be6 38. g5 Bg7 39. h4 Kg6 40. Rh1 Kh5 41. Rc1
Rc8 42. Kh3 a5 43. Nf1 a4 44. Ng3+ Kg6 45. h5+ Kh7 46. Ne3 Rb6 47. Kh4 Rc5 48.
Rcd1 Bf8 49. Nd5 Rb7 50. Nf6+ Kh8 51. h6 Bf7 52. Nd5 Bg6 53. Ne3 a3 54. Rd5 Rb2
55. R5d2 Ra5 56. Kh3 Kh7 57. Kg2 Kg8 58. Kh3 Kf7 59. Kh4 Kg8 60. Ne2 Ra4 61. Nd4
Rab4 62. Ndxf5 Rxd2 63. Rxd2 Rb2 64. Rd5 Rxa2 65. Ra5 Ra1 66. Nd4 d5 67. cxd5
Bf7 68. Ndc2 Rh1+ 69. Kg3 Rc1 70. Nxa3 Rc3 71. Nc4 Rd3 72. Kf2 Bb4 73. Rb5 Bc3
74. f5 Bd4 75. g6 Be8 76. Rb8 Kf8 77. g7+ 1-0

[Event "24th ch-EUR Indiv w 2024"]
[Site "Rhodes GRE"]
[Date "2024.04.21"]
[Round "3.51"]
[White "Lehaci, Miruna-Daria"]
[Black "Kirtadze, Anastasia"]
[Result "1/2-1/2"]
[WhiteTitle "WIM"]
[BlackTitle "WFM"]
[WhiteElo "2242"]
[BlackElo "2044"]
[WhiteFideId "1234765"]
[BlackFideId "13622714"]
[EventDate "2024.04.19"]

1. d4 Nf6 2. Bf4 e6 3. e3 c5 4. Nf3 d5 5. Nbd2 Nc6 6. c3 cxd4 7. exd4 Nh5 8. Be3
Bd6 9. Ne5 Nf6 10. f4 Qb6 11. Qb3 Ng8 12. Bf2 Nge7 13. g3 f6 14. Nef3 Qc7 15.
Bd3 Bd7 16. Qc2 g6 17. Nb3 b6 18. Qe2 h6 19. h4 O-O-O 20. O-O-O Nb4 21. Bb1 a5
22. a3 Nbc6 23. Bd3 Na7 24. Kb1 a4 25. Nbd2 b5 26. Rde1 h5 27. Ka2 Kb8 28. Nb1
Ka8 29. Ne5 Be8 30. Nf3 Bd7 31. Ne5 Be8 32. Nf3 Bd7 1/2-1/2